[Event "DFMM-LV"]
[Site "Braunfels"]
[Date "2013.05.31"]
[Round "2.1"]
[White "Zschischang, Marine"]
[Black "Kiefhaber, Veronika"]
[Result "1/2-1/2"]
[WhiteElo "2099"]
[BlackElo "2211"]
[PlyCount "90"]
[EventDate "2013.05.30"]
[EventType "team-swiss"]
[EventCountry "GER"]
[WhiteTeam "Niedersachsen"]
[BlackTeam "Baden"]
[WhiteTeamCountry "GER"]
[BlackTeamCountry "GER"]

1. c4 Nf6 2. Nc3 g6 3. e4 d6 4. h3 Bg7 5. g3 O-O 6. Bg2 c5 7. Nge2 Nc6 8. O-O
a6 9. d3 Rb8 10. f4 Ne8 11. Rb1 Nc7 12. b3 Ne6 13. Kh2 Ned4 14. Nxd4 Nxd4 15.
Ne2 b5 16. Nxd4 cxd4 17. Qe1 Bb7 18. Qf2 Qb6 19. Bd2 Bc6 20. Qe2 b4 21. h4 e6
22. h5 a5 23. Rh1 Rbe8 24. hxg6 fxg6 25. Kg1 Rf7 26. g4 Qc5 27. Rc1 a4 28. bxa4
Ra8 29. Qe1 Rxa4 30. Rb1 Bf8 31. Bxb4 Qa7 32. a3 Rxf4 33. Qg3 Qf7 34. g5 e5 35.
Bd2 Rxa3 36. Bxf4 exf4 37. Qf3 Be7 38. Rb8+ Kg7 39. Qf2 Ra1+ 40. Bf1 Bxg5 41.
Qxd4+ Bf6 42. Qxd6 Qa7+ 43. c5 Be7 44. Qe5+ Bf6 45. Qd6 Be7 1/2-1/2

[Event "DFMM-LV"]
[Site "Braunfels"]
[Date "2013.05.31"]
[Round "2.2"]
[White "Rubina, Tatiana"]
[Black "Diederichs, Luise"]
[Result "1/2-1/2"]
[WhiteElo "1980"]
[BlackElo "1906"]
[PlyCount "58"]
[EventDate "2013.05.30"]
[EventType "team-swiss"]
[EventCountry "GER"]
[WhiteTeam "Baden"]
[BlackTeam "Niedersachsen"]
[WhiteTeamCountry "GER"]
[BlackTeamCountry "GER"]

1. e4 c5 2. Nc3 d6 3. d3 Nc6 4. g3 g6 5. Bg2 Bg7 6. Be3 Nf6 7. h3 Qb6 8. Nge2
Qxb2 9. Rb1 Qa3 10. O-O Qa5 11. f4 O-O 12. f5 e6 13. g4 exf5 14. exf5 Nxg4 15.
hxg4 Bxc3 16. Bh6 Re8 17. Rb5 Qa4 18. Nxc3 Qd4+ 19. Kh1 Qxc3 20. Rb3 Qd4 21. c3
Qe5 22. Bf4 Qf6 23. Be4 Qh4+ 24. Kg2 Ne5 25. Rh1 Qxg4+ 26. Qxg4 Nxg4 27. fxg6
hxg6 28. Bxd6 Bf5 29. Rxb7 Bxe4+ 1/2-1/2

[Event "DFMM-LV"]
[Site "Braunfels"]
[Date "2013.05.31"]
[Round "2.3"]
[White "Sieber, Fiona"]
[Black "Vollstaedt Klein, Sabine"]
[Result "1-0"]
[WhiteElo "1836"]
[BlackElo "1902"]
[PlyCount "65"]
[EventDate "2013.05.30"]
[EventType "team-swiss"]
[EventCountry "GER"]
[WhiteTeam "Niedersachsen"]
[BlackTeam "Baden"]
[WhiteTeamCountry "GER"]
[BlackTeamCountry "GER"]

1. e4 e5 2. Bc4 Bc5 3. Nf3 Nc6 4. c3 Nf6 5. d3 d6 6. Bb3 Bg4 7. h3 Bh5 8. O-O
a6 9. Nbd2 h6 10. Re1 Ba7 11. Nf1 Qd7 12. Ng3 Bg6 13. Nh4 O-O-O 14. Nxg6 fxg6
15. Be3 Kb8 16. Bxa7+ Kxa7 17. Bc2 h5 18. b4 h4 19. Nf1 Rdf8 20. d4 Nh5 21. d5
Nd8 22. Qg4 Qe7 23. Nh2 Nf4 24. b5 Rh5 25. Qd1 Nf7 26. bxa6 Ng5 27. Ng4 Kxa6
28. Bd3+ Ka7 29. Qa4+ Kb8 30. Rab1 Nxd3 31. Rxb7+ Kxb7 32. Rb1+ Kc8 33. Qa6+
1-0

[Event "DFMM-LV"]
[Site "Braunfels"]
[Date "2013.05.31"]
[Round "2.4"]
[White "Schneider, Birgit"]
[Black "Schulze, Dorothee"]
[Result "1/2-1/2"]
[WhiteElo "2044"]
[BlackElo "1992"]
[PlyCount "107"]
[EventDate "2013.05.30"]
[EventType "team-swiss"]
[EventCountry "GER"]
[WhiteTeam "Baden"]
[BlackTeam "Niedersachsen"]
[WhiteTeamCountry "GER"]
[BlackTeamCountry "GER"]

1. e4 c5 2. c3 Nf6 3. e5 Nd5 4. d4 cxd4 5. Nf3 Nc6 6. cxd4 d6 7. Bc4 Nb6 8. Bb3
dxe5 9. dxe5 Qxd1+ 10. Bxd1 Bg4 11. O-O e6 12. Nc3 Be7 13. Bf4 O-O 14. h3 Bh5
15. g4 Bg6 16. Be2 Rfd8 17. Rfd1 Rxd1+ 18. Rxd1 Rd8 19. Rxd8+ Bxd8 20. Kf1 a6
21. Bd1 Nd7 22. Ke2 b5 23. a3 Bc7 24. Nh4 Bxe5 25. Nxg6 hxg6 26. Bc1 Nb6 27. f4
Bc7 28. Kd3 Kf8 29. Bf3 Nb8 30. Be3 Nc4 31. Bc1 Ke7 32. Ne4 Bb6 33. b3 Nd6 34.
Bd2 Nxe4 35. Bxe4 Bc5 36. a4 bxa4 37. bxa4 Bd6 38. Kc4 Kd7 39. Be3 Kc7 40. f5
gxf5 41. gxf5 e5 42. f6 gxf6 43. h4 Nc6 44. h5 Bf8 45. h6 Nd8 46. h7 Bg7 47. a5
Ne6 48. Bb6+ Kb8 49. Kd5 Ng5 50. Bd3 Kb7 51. Bf5 Bh8 52. Kd6 Bg7 53. Bd8 Bf8+
54. Kd5 1/2-1/2

[Event "DFMM-LV"]
[Site "Braunfels"]
[Date "2013.05.31"]
[Round "2.6"]
[White "Franzenburg, Maria"]
[Black "Kickert, Germaine Helene"]
[Result "0-1"]
[WhiteElo "1900"]
[BlackElo "1947"]
[PlyCount "92"]
[EventDate "2013.05.30"]
[EventType "team-swiss"]
[EventCountry "GER"]
[WhiteTeam "Baden"]
[BlackTeam "Niedersachsen"]
[WhiteTeamCountry "GER"]
[BlackTeamCountry "GER"]

1. c4 Nc6 2. Nc3 e5 3. g3 f5 4. Bg2 Nf6 5. d3 Bb4 6. Bd2 Bxc3 7. Bxc3 d6 8. e3
O-O 9. Ne2 Qe8 10. Qd2 Kh8 11. f4 Bd7 12. O-O-O Nd8 13. d4 Bc6 14. d5 Ba4 15.
b3 Bd7 16. fxe5 dxe5 17. h3 Nf7 18. c5 Rd8 19. Bb4 Rg8 20. Qc2 b6 21. c6 Bc8
22. Nc3 e4 23. Qe2 a5 24. Ba3 Qe5 25. Bb2 Qxg3 26. Rhg1 Qd6 27. Kb1 Ne5 28. Nb5
Ba6 29. Nxd6 Bxe2 30. Bxe5 cxd6 31. Bxf6 gxf6 32. Rde1 Bd3+ 33. Kb2 Rg3 34. c7
Rc8 35. Rc1 Rxe3 36. Rc6 Re2+ 37. Ka1 Rc2 38. Rxc2 Bxc2 39. Rc1 Bd3 40. Rc6 f4
41. h4 f5 42. Bh3 e3 43. Rxd6 Rxc7 44. Rd8+ Kg7 45. d6 e2 46. Re8 Rd7 0-1

[Event "DFMM-LV"]
[Site "Braunfels"]
[Date "2013.05.31"]
[Round "2.7"]
[White "Aden, Dagmar"]
[Black "Weis, Olga"]
[Result "1/2-1/2"]
[WhiteElo "1881"]
[BlackElo "1676"]
[PlyCount "112"]
[EventDate "2013.05.30"]
[EventType "team-swiss"]
[EventCountry "GER"]
[WhiteTeam "Niedersachsen"]
[BlackTeam "Baden"]
[WhiteTeamCountry "GER"]
[BlackTeamCountry "GER"]

1. e4 e5 2. Bc4 Nf6 3. d4 exd4 4. Qxd4 Nc6 5. Qe3 Bb4+ 6. c3 Ne5 7. Be2 Ba5 8.
Qg5 d6 9. f4 Nc6 10. e5 dxe5 11. fxe5 Nd4 12. Na3 Ne6 13. Qh4 Nd5 14. Qxd8+
Nxd8 15. Nc4 Bb6 16. Nxb6 Nxb6 17. Nf3 Nc6 18. Bf4 Be6 19. Ng5 O-O-O 20. Nxe6
fxe6 21. Bg4 Rhe8 22. O-O Nc4 23. b3 N4xe5 24. Bh3 Nd3 25. Bg5 Rd5 26. Be3 Nce5
27. Rad1 h6 28. Bd4 Kd8 29. g3 c5 30. Be3 Kc7 31. Bg2 Rd7 32. h3 g5 33. Rf6 Rh8
34. Rxe6 Nf7 35. Be4 Rhd8 36. Rf6 Nd6 37. Bf5 Nxf5 38. Rxf5 b6 39. Rf6 Rd6 40.
Rdf1 Ne5 41. Rxd6 Rxd6 42. Rf5 Nd7 43. h4 Rd3 44. Kf2 Rxc3 45. hxg5 hxg5 46.
Bxg5 Rc2+ 47. Ke3 Rxa2 48. Kd3 Kc6 49. Bf4 Rg2 50. Rg5 b5 51. Rg6+ Kb7 52. g4
Nb6 53. Rg7+ Kc6 54. Rg6+ Kb7 55. Rg7+ Kc6 56. Rg6+ Kb7 1/2-1/2

[Event "DFMM-LV"]
[Site "Braunfels"]
[Date "2013.05.31"]
[Round "2.8"]
[White "Wodzinski, Kristin"]
[Black "Braje, Monika"]
[Result "0-1"]
[WhiteElo "1643"]
[BlackElo "1814"]
[PlyCount "136"]
[EventDate "2013.05.30"]
[EventType "team-swiss"]
[EventCountry "GER"]
[WhiteTeam "Baden"]
[BlackTeam "Niedersachsen"]
[WhiteTeamCountry "GER"]
[BlackTeamCountry "GER"]

1. d4 d5 2. Nf3 Nf6 3. c4 e6 4. Nc3 c6 5. Bg5 Be7 6. e3 O-O 7. Bd3 h6 8. Bh4
Nbd7 9. O-O b6 10. Rc1 Ba6 11. cxd5 Bxd3 12. Qxd3 Nxd5 13. Bxe7 Nxe7 14. Ne4
Qc7 15. Rc2 Rac8 16. Rfc1 Rfd8 17. Qa3 Nb8 18. b4 Qb7 19. b5 c5 20. Ng3 Nd7 21.
Qb2 Nd5 22. Ne4 N7f6 23. Nxf6+ Nxf6 24. h3 Rd5 25. Ne5 Kh8 26. Nc6 cxd4 27.
Nxd4 Rxc2 28. Rxc2 Qd7 29. Qb4 Qd8 30. Nc6 Rd1+ 31. Kh2 Qc7+ 32. g3 Qd7 33.
Qf8+ Ng8 34. Nd4 Qd5 35. f3 e5 36. Nf5 Rd2+ 37. Rxd2 Qxd2+ 38. Kh1 Qd1+ 39. Kh2
Qc2+ 40. Kg1 Qxf5 41. Kg2 Qc2+ 42. Kg1 Qb1+ 43. Kg2 Qxa2+ 44. Kg1 Qb1+ 45. Kf2
f6 46. Qf7 Qc2+ 47. Kf1 Qd3+ 48. Kf2 Qd2+ 49. Kf1 Qxe3 50. Qd5 Qc1+ 51. Kf2
Qc5+ 52. Qxc5 bxc5 53. Ke3 c4 54. Kd2 Ne7 55. Kc3 Nd5+ 56. Kxc4 Nb6+ 57. Kb4
Kg8 58. Ka5 f5 59. Ka6 e4 60. fxe4 fxe4 61. Kxa7 Nc4 62. Kb7 e3 63. Kc6 e2 64.
Kc5 Na5 65. b6 e1=Q 66. Kb5 Nb7 67. Ka6 Qe4 68. Ka7 Nc5 0-1

[Event "DFMM-LV"]
[Site "Braunfels"]
[Date "2013.05.31"]
[Round "2.1"]
[White "Jeske, Kirsten"]
[Black "Jussupow, Nadia"]
[Result "1/2-1/2"]
[WhiteElo "1987"]
[BlackElo "2173"]
[PlyCount "66"]
[EventDate "2013.05.30"]
[EventType "team-swiss"]
[EventCountry "GER"]
[WhiteTeam "Mecklenburg Vorpommern"]
[BlackTeam "Bayern"]
[WhiteTeamCountry "GER"]
[BlackTeamCountry "GER"]

1. e4 c6 2. d4 d5 3. exd5 cxd5 4. Bd3 Nc6 5. c3 Qc7 6. Ne2 Nf6 7. Bf4 e5 8.
dxe5 Nh5 9. O-O Bg4 10. f3 Bc5+ 11. Kh1 Be6 12. Nd2 O-O 13. Nb3 Bb6 14. Bg3
Nxg3+ 15. Nxg3 Nxe5 16. f4 Nxd3 17. Qxd3 Qc4 18. Qf3 Bd7 19. Rad1 Bc6 20. Nd4
Qa6 21. f5 Bxd4 22. Rxd4 Bb5 23. Rf2 Rfe8 24. h3 Re1+ 25. Kh2 Rae8 26. f6 Qxf6
27. Qxf6 gxf6 28. Rxf6 R8e6 29. Rf2 R6e5 30. Rdf4 Be8 31. Rg4+ Kf8 32. Rh4 Kg8
33. Rg4+ Kf8 1/2-1/2

[Event "DFMM-LV"]
[Site "Braunfels"]
[Date "2013.05.31"]
[Round "2.2"]
[White "Stangl, Anita"]
[Black "Wulf, Constanze"]
[Result "1-0"]
[WhiteElo "2126"]
[BlackElo "1675"]
[PlyCount "81"]
[EventDate "2013.05.30"]
[EventType "team-swiss"]
[EventCountry "GER"]
[WhiteTeam "Bayern"]
[BlackTeam "Mecklenburg Vorpommern"]
[WhiteTeamCountry "GER"]
[BlackTeamCountry "GER"]

1. e4 c6 2. d4 d5 3. e5 Bf5 4. h3 e6 5. Nd2 Nd7 6. c3 c5 7. Ngf3 cxd4 8. cxd4
Ne7 9. Nh4 Rc8 10. Nxf5 Nxf5 11. Nb3 Bb4+ 12. Bd2 Qb6 13. Bxb4 Qxb4+ 14. Qd2
Qb6 15. h4 Rc6 16. g4 Ne7 17. Bd3 f6 18. f4 fxe5 19. fxe5 h6 20. Rf1 a5 21.
Qxa5 Qxa5+ 22. Nxa5 Rb6 23. Rb1 Rb4 24. Nb3 Nc6 25. Bg6+ Kd8 26. Rd1 Rf8 27.
Rxf8+ Nxf8 28. Bc2 Nd7 29. a3 Rb6 30. Kd2 Ke7 31. Kc3 Ra6 32. Bd3 Ra8 33. Rf1
Rc8 34. Kd2 Nb6 35. Ke3 Nd7 36. Rc1 g5 37. hxg5 hxg5 38. Rh1 Rg8 39. Rh7+ Ke8
40. Bb5 Kd8 41. Nd2 1-0

[Event "DFMM-LV"]
[Site "Braunfels"]
[Date "2013.05.31"]
[Round "2.3"]
[White "Morosova, Svetlana"]
[Black "Ankerst, Milka"]
[Result "0-1"]
[WhiteElo "1652"]
[BlackElo "2084"]
[PlyCount "78"]
[EventDate "2013.05.30"]
[EventType "team-swiss"]
[EventCountry "GER"]
[WhiteTeam "Mecklenburg Vorpommern"]
[BlackTeam "Bayern"]
[WhiteTeamCountry "GER"]
[BlackTeamCountry "GER"]

1. d4 Nf6 2. Nf3 e6 3. c4 Bb4+ 4. Nc3 c5 5. a3 Bxc3+ 6. bxc3 Ne4 7. Qc2 d5 8.
cxd5 exd5 9. e3 O-O 10. Bd3 Re8 11. O-O Nc6 12. Nd2 Qe7 13. f3 Nf6 14. Re1 cxd4
15. cxd4 Nxd4 16. Qa4 Nc6 17. Bb2 Ne5 18. Bb5 Rd8 19. Qf4 Ng6 20. Bxf6 gxf6 21.
Qd4 Be6 22. a4 a6 23. Bf1 Rac8 24. Rec1 Ne5 25. Qh4 Kg7 26. f4 Qb4 27. Qf2 Nc4
28. Nf3 Bf5 29. Nd4 Be4 30. Qg3+ Kh8 31. Qh4 Qe7 32. Qf2 Rg8 33. h3 Qd7 34. Kh2
Rg6 35. g4 f5 36. g5 f6 37. h4 Qd6 38. Kh3 fxg5 39. hxg5 h6 0-1

[Event "DFMM-LV"]
[Site "Braunfels"]
[Date "2013.05.31"]
[Round "2.4"]
[White "Vidonyak, Nellya"]
[Black "Klinge, Sabina"]
[Result "1-0"]
[WhiteElo "2124"]
[BlackElo "1595"]
[PlyCount "67"]
[EventDate "2013.05.30"]
[EventType "team-swiss"]
[EventCountry "GER"]
[WhiteTeam "Bayern"]
[BlackTeam "Mecklenburg Vorpommern"]
[WhiteTeamCountry "GER"]
[BlackTeamCountry "GER"]

1. b3 c5 2. Bb2 Nc6 3. c4 e6 4. Nf3 Nf6 5. g3 Be7 6. Bg2 O-O 7. O-O Qc7 8. Nc3
a6 9. Rc1 Rb8 10. d4 cxd4 11. Nxd4 Rd8 12. e4 b6 13. Nd5 Qa7 14. Nxe7+ Nxe7 15.
e5 Ne8 16. Ba3 d6 17. Nf3 Qc7 18. Qe2 Ng6 19. exd6 Nxd6 20. c5 Nb5 21. cxb6
Qxb6 22. Bc5 Qa5 23. b4 Qa3 24. Ng5 h6 25. Rcd1 Bd7 26. Nxf7 Kxf7 27. Rd3 Qa4
28. Qh5 Be8 29. Be4 Kg8 30. Rxd8 Rxd8 31. Bxg6 Bxg6 32. Qxg6 Qxa2 33. Be7 Rc8
34. Bf6 1-0

[Event "DFMM-LV"]
[Site "Braunfels"]
[Date "2013.05.31"]
[Round "2.5"]
[White "Klinge, Alexandra"]
[Black "Dirmeier, Carolin"]
[Result "0-1"]
[WhiteElo "1568"]
[BlackElo "2030"]
[PlyCount "38"]
[EventDate "2013.05.30"]
[EventType "team-swiss"]
[EventCountry "GER"]
[WhiteTeam "Mecklenburg Vorpommern"]
[BlackTeam "Bayern"]
[WhiteTeamCountry "GER"]
[BlackTeamCountry "GER"]

1. e4 c5 2. Nf3 Nc6 3. d4 cxd4 4. Nxd4 Nf6 5. Nc3 e5 6. Nf3 Bb4 7. Bd3 d5 8.
exd5 Qxd5 9. Be2 Bf5 10. Bd2 Qd7 11. Bb5 Qc7 12. O-O O-O 13. Nh4 Bg4 14. Be2
Bxe2 15. Qxe2 Nd4 16. Qd1 Rad8 17. Rc1 Qc4 18. Nf3 Bxc3 19. bxc3 Ne2+ 0-1

[Event "DFMM-LV"]
[Site "Braunfels"]
[Date "2013.05.31"]
[Round "2.6"]
[White "Woniak, Katarzyna"]
[Black "Sadewasser, Lucie"]
[Result "1-0"]
[WhiteElo "1962"]
[BlackElo "1513"]
[PlyCount "71"]
[EventDate "2013.05.30"]
[EventType "team-swiss"]
[EventCountry "GER"]
[WhiteTeam "Bayern"]
[BlackTeam "Mecklenburg Vorpommern"]
[WhiteTeamCountry "GER"]
[BlackTeamCountry "GER"]

1. c4 Nf6 2. Nf3 g6 3. g3 c6 4. Bg2 Bg7 5. O-O O-O 6. d4 d6 7. Nc3 Nbd7 8. e4
Nb6 9. Qe2 Bg4 10. h3 Bc8 11. Bg5 d5 12. cxd5 cxd5 13. e5 Ne8 14. b3 f6 15. Be3
fxe5 16. dxe5 e6 17. Rac1 Bd7 18. Bg5 Qb8 19. Be7 Rf7 20. Bc5 Qd8 21. h4 Rc8
22. Be3 Nc7 23. Ng5 Rf8 24. Bc5 Rf5 25. f4 Na6 26. Bd6 d4 27. Nce4 Rxc1 28.
Rxc1 Nd5 29. Nf3 Nab4 30. Nxd4 Qb6 31. Bc5 Qa5 32. Nxf5 exf5 33. Ng5 Bb5 34.
Qd2 Qa6 35. Bxd5+ Nxd5 36. Qxd5+ 1-0

[Event "DFMM-LV"]
[Site "Braunfels"]
[Date "2013.05.31"]
[Round "2.7"]
[White "Schuenemann, Anne"]
[Black "Spiel, Marianne"]
[Result "0-1"]
[WhiteElo "1356"]
[BlackElo "1931"]
[PlyCount "88"]
[EventDate "2013.05.30"]
[EventType "team-swiss"]
[EventCountry "GER"]
[WhiteTeam "Mecklenburg Vorpommern"]
[BlackTeam "Bayern"]
[WhiteTeamCountry "GER"]
[BlackTeamCountry "GER"]

1. e4 e6 2. d4 d5 3. exd5 exd5 4. Nf3 Nf6 5. Bd3 Be7 6. O-O O-O 7. Bf4 Bg4 8.
Nbd2 c5 9. c3 Nc6 10. Qc2 Rc8 11. Bf5 Bxf5 12. Qxf5 g6 13. Qd3 c4 14. Qc2 b5
15. b4 cxb3 16. Qxb3 Qb6 17. Be3 Na5 18. Qb2 Nc4 19. Nxc4 Rxc4 20. Nd2 Rc6 21.
Rfc1 Rfc8 22. a3 a6 23. Kf1 Qc7 24. g3 Rxc3 25. Rxc3 Qxc3 26. Qxc3 Rxc3 27. Nb1
Rc2 28. Ke1 Ng4 29. Nd2 Nxe3 30. fxe3 Rc3 31. a4 bxa4 32. Rxa4 Rxe3+ 33. Kf2
Ra3 34. Rxa3 Bxa3 35. Nb3 Bb4 36. Ke2 f6 37. Kd3 Kf7 38. Nc1 Ke6 39. Na2 a5 40.
Nxb4 axb4 41. h3 Kf5 42. Ke3 h5 43. Kd3 h4 44. g4+ Kf4 0-1

[Event "DFMM-LV"]
[Site "Braunfels"]
[Date "2013.05.31"]
[Round "2.8"]
[White "Niedermaier, Barbara"]
[Black "Wagner, Swenja"]
[Result "1-0"]
[WhiteElo "1960"]
[BlackElo "1378"]
[PlyCount "99"]
[EventDate "2013.05.30"]
[EventType "team-swiss"]
[EventCountry "GER"]
[WhiteTeam "Bayern"]
[BlackTeam "Mecklenburg Vorpommern"]
[WhiteTeamCountry "GER"]
[BlackTeamCountry "GER"]

1. e4 e5 2. Nf3 Nc6 3. Bc4 Nf6 4. d4 exd4 5. O-O d6 6. Nxd4 Ne5 7. Bb3 Be7 8.
Nc3 O-O 9. Bf4 c5 10. Bxe5 dxe5 11. Nf3 Qxd1 12. Raxd1 Bg4 13. Nd5 Bd8 14. Rd3
b5 15. Nxf6+ Bxf6 16. Bd5 Rac8 17. Nd2 Be2 18. Ra3 Bxf1 19. Kxf1 Rc7 20. Nb3 c4
21. Na5 Be7 22. Rf3 Bc5 23. Nc6 Bd6 24. Rf5 Re8 25. g3 Kf8 26. f4 exf4 27. gxf4
Rec8 28. Nd4 a6 29. Ne6+ Ke8 30. Nxg7+ Kd8 31. Bxf7 Re7 32. e5 Bb4 33. c3 Ba5
34. e6 Bb6 35. Rd5+ Kc7 36. Nf5 Rxf7 37. exf7 Rf8 38. Nh6 Be3 39. Rf5 Kd7 40.
b3 Bd2 41. Rd5+ Ke6 42. Rxd2 cxb3 43. axb3 a5 44. Re2+ Kf6 45. f5 Kg7 46. Re8
a4 47. bxa4 bxa4 48. f6+ Kg6 49. Rxf8 a3 50. Rg8+ 1-0

[Event "DFMM-LV"]
[Site "Braunfels"]
[Date "2013.05.31"]
[Round "2.1"]
[White "Juergens, Vera"]
[Black "Zimmer, Elke"]
[Result "1/2-1/2"]
[WhiteElo "2282"]
[BlackElo "1926"]
[PlyCount "187"]
[EventDate "2013.05.30"]
[EventType "team-swiss"]
[EventCountry "GER"]
[WhiteTeam "Hamburg"]
[BlackTeam "Saarland"]
[WhiteTeamCountry "GER"]
[BlackTeamCountry "GER"]

1. d4 g6 2. e4 Bg7 3. Nc3 d6 4. h3 e6 5. g3 a6 6. a4 Nd7 7. Bg2 Ne7 8. Nge2 c5
9. O-O O-O 10. Be3 Rb8 11. dxc5 dxc5 12. f4 Qc7 13. e5 b5 14. axb5 axb5 15. Ne4
Nd5 16. Bf2 Bb7 17. c3 Ne7 18. Ra7 Nc8 19. Ra1 Bxe4 20. Bxe4 Rd8 21. Qc2 Ndb6
22. Rfd1 Ne7 23. Bg2 Ned5 24. Qe4 Rd7 25. g4 Rbd8 26. Qf3 Bf8 27. g5 Ne7 28.
Ng3 Rxd1+ 29. Rxd1 Rxd1+ 30. Qxd1 Nbd5 31. Qd2 b4 32. c4 Nb6 33. b3 Qd7 34. Qd6
Nec8 35. Qxd7 Nxd7 36. Bc6 Ncb6 37. Ne4 Be7 38. Kg2 Kg7 39. Kf3 h6 40. gxh6+
Kxh6 41. Nd6 Kg7 42. Ke4 Kf8 43. h4 Bxd6 44. exd6 f6 45. Kf3 Kf7 46. Kg4 Kg7
47. Kf3 Kf7 48. Ke2 Kg7 49. Be3 Kf7 50. Kd3 Kg7 51. Bf3 f5 52. h5 Kh6 53. hxg6
Kxg6 54. Bf2 Kg7 55. Bh4 Kg6 56. Bd8 e5 57. Bc6 e4+ 58. Ke3 Kf7 59. Kf2 Ke6 60.
Bc7 Kf7 61. Kg3 Ke6 62. Kh4 Kf6 63. Bb7 Ke6 64. Kg5 e3 65. Bf3 Nxc4 66. bxc4
Nf6 67. Be2 Ne4+ 68. Kg6 Nxd6 69. Bd3 b3 70. Ba5 Ne4 71. Kh5 Nd2 72. Bc3 Ne4
73. Be1 b2 74. Kh4 Nd2 75. Kg3 b1=Q 76. Bxb1 Nxb1 77. Kf3 Nd2+ 78. Kxe3 Nxc4+
79. Kd3 Kd5 80. Bc3 Nd6 81. Be5 c4+ 82. Kc3 Ne4+ 83. Kb4 Nf2 84. Kc3 Ng4 85.
Bc7 Ne3 86. Bb8 Nd1+ 87. Kd2 Nf2 88. Ke3 Ne4 89. Be5 Kc5 90. Ba1 c3 91. Kd3 Kb4
92. Kd4 Kb3 93. Bxc3 Nxc3 94. Ke5 1/2-1/2

[Event "DFMM-LV"]
[Site "Braunfels"]
[Date "2013.05.31"]
[Round "2.3"]
[White "Schmidt, Jade"]
[Black "Noll, Sonja"]
[Result "1-0"]
[WhiteElo "2089"]
[BlackElo "1844"]
[PlyCount "117"]
[EventDate "2013.05.30"]
[EventType "team-swiss"]
[EventCountry "GER"]
[WhiteTeam "Hamburg"]
[BlackTeam "Saarland"]
[WhiteTeamCountry "GER"]
[BlackTeamCountry "GER"]

1. d4 Nc6 2. Nf3 d5 3. c4 Nf6 4. Nc3 Bg4 5. cxd5 Nxd5 6. e4 Bxf3 7. gxf3 Nxc3
8. bxc3 Qd6 9. Rb1 Nd8 10. Be3 e6 11. Be2 f5 12. Qd2 Be7 13. Bf4 Qd7 14. Be5
O-O 15. O-O Bd6 16. f4 fxe4 17. Qe3 Bxe5 18. fxe5 Qe7 19. Kh1 Qh4 20. Qg3 Qf4
21. Qxf4 Rxf4 22. Kg1 Rc8 23. Rfd1 c6 24. Rb2 Rc7 25. Bc4 Rcf7 26. Re1 Rg4+ 27.
Kh1 Rh4 28. Re3 Rhf4 29. Kg2 Rg4+ 30. Rg3 Rgf4 31. Re2 Rf3 32. Bb3 Rxg3+ 33.
hxg3 Rf3 34. c4 b6 35. Rxe4 Rd3 36. Kf1 c5 37. d5 Rf3 38. Ke2 Rf7 39. Ba4 a6
40. Ke3 b5 41. Bb3 exd5 42. cxd5 c4 43. Bc2 Kf8 44. e6 Re7 45. Rf4+ Kg8 46. Kd4
Nb7 47. Ke5 g5 48. Rf5 b4 49. d6 Nxd6 50. Kxd6 Rb7 51. e7 Rb8 52. Kc7 Ra8 53.
Be4 b3 54. axb3 cxb3 55. Bd5+ Kg7 56. Bxb3 Ra7+ 57. Kd6 Ra8 58. Ba4 a5 59. e8=Q
1-0

[Event "DFMM-LV"]
[Site "Braunfels"]
[Date "2013.05.31"]
[Round "2.4"]
[White "Ramm, Madlen"]
[Black "Zickelbein, Eva Maria"]
[Result "0-1"]
[WhiteElo "1532"]
[BlackElo "2087"]
[PlyCount "78"]
[EventDate "2013.05.30"]
[EventType "team-swiss"]
[EventCountry "GER"]
[WhiteTeam "Saarland"]
[BlackTeam "Hamburg"]
[WhiteTeamCountry "GER"]
[BlackTeamCountry "GER"]

1. e4 d6 2. d4 Nf6 3. Nc3 e5 4. dxe5 dxe5 5. Qxd8+ Kxd8 6. Bd2 Bd6 7. Bc4 Be6
8. Bxe6 fxe6 9. f3 Ke7 10. O-O-O a6 11. Nge2 Nc6 12. a3 b5 13. Na2 a5 14. Nec3
Rhb8 15. a4 Nb4 16. Kb1 c6 17. Be3 Na6 18. Nc1 Bc5 19. Bxc5+ Nxc5 20. Nd3 Nfd7
21. axb5 cxb5 22. Nxc5 Nxc5 23. Rd2 b4 24. Ne2 a4 25. Nc1 b3 26. cxb3 Nxb3 27.
Rd3 Nd4 28. Rhd1 a3 29. b3 a2+ 30. Nxa2 Nxb3 31. Rxb3 Rxb3+ 32. Kc2 Rab8 33.
Nc1 Rb2+ 34. Kc3 Rxg2 35. Nd3 Rc8+ 36. Kb3 Kf6 37. Rf1 Rxh2 38. Nf2 h5 39. Nd3
Rd2 0-1

[Event "DFMM-LV"]
[Site "Braunfels"]
[Date "2013.05.31"]
[Round "2.5"]
[White "Winnicki, Alice"]
[Black "Weinmann, Helene"]
[Result "1-0"]
[WhiteElo "2062"]
[BlackElo "1681"]
[PlyCount "69"]
[EventDate "2013.05.30"]
[EventType "team-swiss"]
[EventCountry "GER"]
[WhiteTeam "Hamburg"]
[BlackTeam "Saarland"]
[WhiteTeamCountry "GER"]
[BlackTeamCountry "GER"]

1. e4 e5 2. Nf3 Nc6 3. c3 Nf6 4. d4 exd4 5. e5 Ne4 6. Qe2 Nc5 7. cxd4 Ne6 8. d5
Ned4 9. Nxd4 Nxd4 10. Qe4 c5 11. d6 Ne6 12. Bc4 g6 13. O-O Bg7 14. f4 f5 15.
Qd5 Rb8 16. Nc3 a6 17. a4 b6 18. Qd3 Ra8 19. Bd5 Ra7 20. Be3 Bb7 21. Bxb7 Rxb7
22. Qxa6 Qb8 23. Qb5 O-O 24. Nd5 Kh8 25. b4 Rd8 26. Rfb1 Nd4 27. Bxd4 cxd4 28.
Ne7 Re8 29. Qd5 b5 30. a5 Qa7 31. Ra3 d3+ 32. Kh1 Bh6 33. Rxd3 Bxf4 34. Qf7
Rbb8 35. Qf6# 1-0

[Event "DFMM-LV"]
[Site "Braunfels"]
[Date "2013.05.31"]
[Round "2.6"]
[White "Alt, Barbara"]
[Black "Reinkens, Natalia"]
[Result "1-0"]
[WhiteElo "1212"]
[BlackElo "1767"]
[PlyCount "67"]
[EventDate "2013.05.30"]
[EventType "team-swiss"]
[EventCountry "GER"]
[WhiteTeam "Saarland"]
[BlackTeam "Hamburg"]
[WhiteTeamCountry "GER"]
[BlackTeamCountry "GER"]

1. e4 c5 2. d4 cxd4 3. c3 dxc3 4. Nxc3 Nc6 5. Nf3 g6 6. Bc4 Bg7 7. Qe2 e6 8.
O-O Nge7 9. Rd1 O-O 10. e5 Qa5 11. Bf4 f6 12. Nb5 fxe5 13. Bxe5 Nxe5 14. Nxe5
Bxe5 15. Qxe5 a6 16. b4 Qxb4 17. Nd6 Nf5 18. Rab1 Qa4 19. Bb3 Qc6 20. Rbc1 Qb6
21. Ne4 Ng7 22. Rc2 Rf5 23. Qb2 d5 24. Nf6+ Kf7 25. Ng4 Rf4 26. h3 Nf5 27. Rxd5
Rd4 28. Rxf5+ gxf5 29. Nh6+ Kg6 30. Ng8 Rd1+ 31. Kh2 Qd6+ 32. g3 e5 33. Re2 Qc6
34. Ne7+ 1-0

[Event "DFMM-LV"]
[Site "Braunfels"]
[Date "2013.05.31"]
[Round "2.7"]
[White "Naipal, Victoria"]
[Black "Tinnes, Marie Christine"]
[Result "1-0"]
[WhiteElo "1816"]
[BlackElo "1116"]
[PlyCount "61"]
[EventDate "2013.05.30"]
[EventType "team-swiss"]
[EventCountry "GER"]
[WhiteTeam "Hamburg"]
[BlackTeam "Saarland"]
[WhiteTeamCountry "GER"]
[BlackTeamCountry "GER"]

1. e4 c6 2. d4 d5 3. e5 Bf5 4. Nf3 e6 5. Be2 Nd7 6. O-O Qc7 7. Nbd2 c5 8. c3 a6
9. Nh4 Bg6 10. f4 Ne7 11. Ndf3 h6 12. Nxg6 Nxg6 13. g4 O-O-O 14. f5 Ne7 15. Ne1
Nc6 16. Be3 Be7 17. Nd3 c4 18. Nf4 Nf8 19. b3 b5 20. a4 g6 21. f6 Bxf6 22. exf6
Nd7 23. axb5 Na7 24. bxc4 Nxf6 25. Qa4 e5 26. Qxa6+ Qb7 27. Qxb7+ Kxb7 28. dxe5
Ne4 29. Rxa7+ Kb8 30. Rfa1 Nxc3 31. Ra8+ 1-0

[Event "DFMM-LV"]
[Site "Braunfels"]
[Date "2013.05.31"]
[Round "2.8"]
[White "Lassotta, Anja"]
[Black "Neumann, Ramona"]
[Result "0-1"]
[WhiteElo "878"]
[BlackElo "1717"]
[PlyCount "94"]
[EventDate "2013.05.30"]
[EventType "team-swiss"]
[EventCountry "GER"]
[WhiteTeam "Saarland"]
[BlackTeam "Hamburg"]
[WhiteTeamCountry "GER"]
[BlackTeamCountry "GER"]

1. e4 e6 2. d4 d5 3. Nd2 Nf6 4. e5 Nfd7 5. Bd3 c5 6. c3 Be7 7. Ngf3 O-O 8. O-O
b6 9. Re1 f5 10. Nf1 c4 11. Bc2 b5 12. Bf4 g5 13. Nxg5 Bxg5 14. Qf3 Bxf4 15.
Qxf4 Kh8 16. Re3 Rg8 17. Rh3 Qg5 18. Qf3 Qg4 19. Nd2 Nf8 20. Bd1 Qxf3 21. Bxf3
Ng6 22. g3 Nc6 23. Re1 Bd7 24. Kh1 a5 25. Bh5 Nd8 26. Nf3 Nf7 27. Nh4 Ng5 28.
Nxg6+ hxg6 29. Bg4+ Nxh3 30. Bxh3 g5 31. f4 gxf4 32. gxf4 b4 33. Re3 Rg7 34.
Bg2 Rag8 35. Rh3+ Rh7 36. Rf3 Be8 37. cxb4 axb4 38. a3 bxa3 39. bxa3 Ba4 40.
Bf1 Bb3 41. Bh3 Ra8 42. Bxf5 exf5 43. e6 Rxa3 44. Re3 Rg7 45. Rh3+ Kg8 46. Rg3
Rxg3 47. hxg3 c3 0-1